000
00329nam a22001457a 4500
003
ASAB
005
20180827062605.0
008
151231t xxu||||| |||| 00| 0 eng d
020
_a
978-969-8893-06-4
040
_c
ASAB
100
_a
shahzad ali khan
_9
1423
245
_a
cricket milestones
300
_a
100
942
_2
ddc
_c
BK
999
_c
479930
_d
479930